• 首页
  • 本馆介绍
  • 公告通知
  • 最新文献
  • 馆藏检索
  • 电子资源
  • 读者导购
  • 参考咨询
  • 我的图书馆
  • 登录
  • 详细信息显示
  • 放入我的书架
  • 预约/预借图书
  • 作者相关作品
  • 分类相关作品
  • 丛书相关作品
  • 出版社相关作品

书目信息

  • 表格格式
  • 工作单格式
  • 卡片格式
书名: Thermodynamics
作者: Yunus A. Cengel, Michael A. Boles.
分册号:
分册名:
出版地: Boston :
 
出版社: McGraw-Hill Higher Education
出版时间: c2006.
页数: xxxvi, 988 p. :
开本: 26 cm. +
丛书名: McGraw-Hill series in mechanical engineering
中图分类号:
科图分类号:
其他分类号: O55:H31
主题词:
电子资源: http://www.loc.gov/catdir/toc/ecip0510/2005007417.html      http://www.loc.gov/catdir/enhancements/fy0702/2005007417-d.html     
000 01426cam a22003254a 450
001 E0740449507
005 20070707111630.81
008 050315s2006 maua b 001 0 eng
010    @a2005007417
020    @a0072884959 (hard copy : alk. paper).
040    @aDLC@cDLC@dDLC@dDLC
042    @apcc
050 00 @aTJ265@b.C43 2006
082 00 @a621.402/1@2 22
090    @aO55:H31
099    @dO55:H31@ex3=5
100 1  @aCengel, Yunus A.
245 10 @aThermodynamics :@ban engineering approach / @cYunus A. Cengel, Michael A. Boles.
250    @a5th ed.
260    @aBoston :@bMcGraw-Hill Higher Education,@cc2006.
300    @axxxvi, 988 p. :@bill. ;@c26 cm. +@e+ 1 CD-ROM (4 3/4 in.).
440  0 @aMcGraw-Hill series in mechanical engineering
504    @aIncludes bibliographical references and index.
650  0 @aThermodynamics.
700 1  @aBoles, Michael A.
856 41 @3 Table of contents@uhttp://www.loc.gov/catdir/toc/ecip0510/2005007417.html
856 42 @3 Publisher description@uhttp://www.loc.gov/catdir/enhancements/fy0702/2005007417-d.html
906    @a7@bcbc@corignew@d1@eecip@f20@gy-gencatlg
925 0  @aacquire@b1 shelf copy@xpolicy default
955    @ajf05 2005-03-15@cjf05 2005-03-15 to subj@djf02 2005-03-15 to sl@ejf12 2005-03-15 to Dewey@aaa07 2005-03-31@aps08 2005-07-06 1 copy rec’d., to CIP ver.@ajf00 2005-07-12@fjf05 2005-07-12@gjf05 2005-07-12 to BCCD@adiscard c2 sb21 ot
    
    Thermodynamics : : an engineering approach / / Yunus A. Cengel, Michael A. Boles.-5th ed.-Boston : : McGraw-Hill Higher Education, , c2006.
    xxxvi, 988 p. : : ill. ; ; 26 cm. + + + 1 CD-ROM (4 3/4 in.).- (McGraw-Hill series in mechanical engineering )
    Includes bibliographical references and index.
    
    ISBN 0072884959 (hard copy : alk. paper).
    
●
相关链接 在E读中查询图书 在五车中查询图书 在当当中查询图书 在豆瓣中查询图书


正题名:Thermodynamics     索取号:O55:H31/x3=5         预约/预借

序号 登录号 条形码 馆藏地/架位号 状态 备注
1 0010984   300109843   第二样本阅览室/ [索取号:O55:H31/x3=5] 在馆    
2 0010985   300109852   第四借阅区/ [索取号:O55:H31/x3=5] 在馆    
唐山师范学院图书馆 欢迎您!
大连网信软件有限公司© 版权所有